The dawn palace the story of Medea
| Main Author: | |
|---|---|
| Format: | Book |
| Published: |
New York :
E.P Dutton ,
1988
|
| Subjects: |
MARC
| LEADER | 00000cam a2200000 7i4500 | ||
|---|---|---|---|
| 001 | 0000001978 | ||
| 002 | 000002153 | ||
| 005 | 20000330.0 | ||
| 020 | |a 0525443886 | ||
| 090 | 0 | 0 | |a JF |b HOO |
| 100 | 1 | |a Hoover, H.M | |
| 245 | 1 | 4 | |a The dawn palace the story of Medea |c H.M Hoover |
| 260 | |a New York : |b E.P Dutton , |c 1988 | ||
| 300 | |a 244p. : |b ill ; |c 22cm. | ||
| 650 | 0 | 0 | |a Historical fiction |
| 999 | |a 035299 |b BUKU |c PINJAMAN |e PERPUSTAKAAN KOMUNITI PETALING JAYA | ||
| 999 | |a 035300 |b BUKU |c JUNIOR FICTION |e PERPUSTAKAAN KOMUNITI PETALING JAYA | ||